000 00473nam a2200181Ia 4500
001 15019
005 20260306164957.0
008 260306t2002||||xx |||||||||||||| ||spa||
041 _aESP
082 _a519.72
_bS52
100 _aSierksma, Gerard
_eAUT
245 0 _aLinear and integer programming, theory and practice:
_btheory and practice
260 _c2002
300 _axiv, 633 páginas :
_c26 cm.
650 _aGEN
654 _aCMA
942 _cLIB
_dJUS
_fJUS
_2ddc
_n
999 _c15019
_d15019